Statistics for Countries that Visit Oman the Most

Click here to take the quiz!

General Stats

  • This quiz has been taken 297 times
  • The average score is 7 of 10

Answer Stats

RankCountry# of visitors% Correct
2United Kingdom133,529
95%
5United States53,165
95%
1India244,786
88%
6France47,830
87%
4Germany55,126
82%
8Italy26,063
75%
3Pakistan67,893
73%
7Egypt28,541
70%
10Bangladesh20,191
52%
9Philippines24,897
29%

Score Distribution

Percentile by Number Answered

Percent of People with Each Score

Your Score History

You have not taken this quiz